[Event "Tasnad Orasului Cup"]
[Site "Tasnad"]
[Date "2021.09.12"]
[Round "7"]
[White "Didiliuc, Dariana Gabriela"]
[Black "Panc, Samuel"]
[Result "0-1"]
[WhiteElo "1876"]
[BlackElo "1977"]
[PlyCount "84"]
[EventDate "2021.09.09"]
[EventType "swiss"]
[EventRounds "7"]
[EventCountry "ROU"]
[SourceTitle "CBM 204 Extra"]
[Source "ChessBase"]
[SourceDate "2021.11.30"]
[SourceVersion "1"]
[SourceVersionDate "2021.11.30"]
[SourceQuality "1"]

1. d4 f5 2. c4 Nf6 3. Nc3 e6 4. e3 Bb4 5. Bd2 0-0 6. Bd3 b6 7. Nge2 Bb7 8. f3 Nc6 9. a3 Bxc3 10. Nxc3 Qe7 11. 0-0 Rae8 12. Qb1 d6 13. b4 g6 14. Ra2 e5 15. d5 Nb8 16. e4 f4 17. a4 a6 18. Be1 g5 19. Bf2 Nbd7 20. a5 Rf7 21. axb6 cxb6 22. Na4 g4 23. Bh4 Rg7 24. fxg4 Rxg4 25. Bxf6 Qxf6 26. Be2 Rg7 27. Rb2 Kh8 28. c5 dxc5 29. bxc5 b5 30. c6 Bxc6 31. dxc6 Qxc6 32. Rc1 Qg6 33. Bf3 bxa4 34. Rb7 Qd6 35. Rd1 Qc5+ 36. Kh1 Nf6 37. Rb6 Ng4 38. Bxg4 Rxg4 39. Rbd6 Rxg2 40. Kxg2 Rg8+ 41. Kh1 Qf2 42. Rg6 Qf3+ 0-1

[Event "Tasnad Orasului Cup"]
[Site "Tasnad"]
[Date "2021.09.11"]
[Round "4"]
[White "Didiliuc, Dariana Gabriela"]
[Black "Mozes, Ervin"]
[Result "1/2-1/2"]
[WhiteElo "1876"]
[BlackElo "2070"]
[PlyCount "24"]
[EventDate "2021.09.09"]
[EventType "swiss"]
[EventRounds "7"]
[EventCountry "ROU"]
[SourceTitle "CBM 204 Extra"]
[Source "ChessBase"]
[SourceDate "2021.11.30"]
[SourceVersion "1"]
[SourceVersionDate "2021.11.30"]
[SourceQuality "1"]

1. d4 c6 2. c4 g6 3. Nc3 d6 4. e4 Bg7 5. Be2 a6 6. Nf3 b5 7. a3 Nd7 8. 0-0 Nb6 9. b3 Bb7 10. Qc2 d5 11. exd5 bxc4 12. bxc4 cxd5 1/2-1/2

[Event "Tasnad Orasului Cup"]
[Site "Tasnad"]
[Date "2021.09.09"]
[Round "1"]
[White "Didiliuc, Dariana Gabriela"]
[Black "Filip, Andrei"]
[Result "0-1"]
[WhiteElo "1876"]
[BlackElo "2222"]
[PlyCount "66"]
[EventDate "2021.09.09"]
[EventType "swiss"]
[EventRounds "7"]
[EventCountry "ROU"]
[SourceTitle "CBM 204 Extra"]
[Source "ChessBase"]
[SourceDate "2021.11.30"]
[SourceVersion "1"]
[SourceVersionDate "2021.11.30"]
[SourceQuality "1"]

1. d4 Nf6 2. c4 e6 3. Nc3 Bb4 4. Qc2 0-0 5. Nf3 c5 6. dxc5 Na6 7. a3 Bxc3+ 8. Qxc3 Nxc5 9. g3 b6 10. Bg2 Bb7 11. 0-0 Rc8 12. Bf4 d5 13. cxd5 Nxd5 14. Qe5 f6 15. Qh5 Nxf4 16. gxf4 Qe7 17. Rac1 Nb3 18. Rxc8 Rxc8 19. Qb5 Bd5 20. Rd1 Bc4 21. Qa4 a5 22. Qd7 Qxd7 23. Rxd7 Bxe2 24. h3 Rc1+ 25. Kh2 Rc2 26. Rd6 b5 27. Rxe6 Bxf3 28. Bxf3 Nd4 29. Be4 Rxf2+ 30. Kg3 Re2 31. Bxh7+ Kxh7 32. Ra6 a4 33. Kg4 Rg2+ 0-1

[Event "Braila Albulet Memorial (Women) 12th"]
[Site "Braila"]
[Date "2019.10.05"]
[Round "5"]
[White "Cosman, Andreea Marioara"]
[Black "Didiliuc, Dariana Gabriela"]
[Result "1-0"]
[WhiteElo "2165"]
[BlackElo "1798"]
[PlyCount "107"]
[EventDate "2019.10.02"]
[EventType "swiss"]
[EventRounds "9"]
[EventCountry "ROU"]
[SourceTitle "EXT 2020"]
[Source "ChessBase"]
[SourceDate "2019.10.17"]
[SourceVersion "1"]
[SourceVersionDate "2019.10.17"]
[SourceQuality "1"]

1. d4 Nf6 2. c4 c5 3. d5 b5 4. cxb5 a6 5. bxa6 g6 6. Nc3 Bg7 7. e4 0-0 8. Be2 Qa5 9. Bd2 Bxa6 10. Nf3 Bxe2 11. Qxe2 Qa6 12. b3 e6 13. dxe6 dxe6 14. Qxa6 Rxa6 15. Rc1 Nbd7 16. 0-0 Rb8 17. h3 Nb6 18. Rfd1 c4 19. Bf4 Rc8 20. bxc4 Nxc4 21. Nb5 Bf8 22. Rd4 Nb6 23. Rxc8 Nxc8 24. Rd8 Nb6 25. Ne5 Ra8 26. Rxa8 Nxa8 27. f3 Nb6 28. Kf2 Na4 29. Ke2 Nh5 30. Be3 Ng3+ 31. Kd3 f5 32. exf5 Nxf5 33. Bf2 Kg7 34. Nd7 Be7 35. Kc2 Bh4 36. Bg1 Be1 37. Kb3 Nh4 38. Kxa4 Nxg2 39. Bd4+ Kf7 40. Ne5+ Ke7 41. Nd3 Bd2 42. Bf2 g5 43. Kb3 Kf6 44. Nc3 Nf4 45. Ne4+ Kf5 46. Nd6+ Kg6 47. Nxf4+ Bxf4 48. Bc5 Kh5 49. a4 Bd2 50. Bf2 Bf4 51. Nb5 Kg6 52. a5 h5 53. a6 Bb8 54. Bg3 1-0

[Event "Braila Albulet Memorial (Women) 12th"]
[Site "Braila"]
[Date "2019.10.04"]
[Round "4"]
[White "Mihailova, Alina"]
[Black "Didiliuc, Dariana Gabriela"]
[Result "0-1"]
[WhiteElo "1770"]
[BlackElo "1798"]
[PlyCount "140"]
[EventDate "2019.10.02"]
[EventType "swiss"]
[EventRounds "9"]
[EventCountry "ROU"]
[SourceTitle "EXT 2020"]
[Source "ChessBase"]
[SourceDate "2019.10.17"]
[SourceVersion "1"]
[SourceVersionDate "2019.10.17"]
[SourceQuality "1"]

1. d4 Nf6 2. c4 c5 3. d5 b5 4. Nd2 a6 5. e4 d6 6. Ngf3 g6 7. b3 Bg7 8. Bb2 0-0 9. Qc2 Nbd7 10. cxb5 axb5 11. Bxb5 Qa5 12. Bd3 Ba6 13. Bxa6 Qxa6 14. Nc4 Rfb8 15. 0-0 Nb6 16. Nxb6 Rxb6 17. Nd2 Qb7 18. Nc4 Rba6 19. a4 Rb8 20. Nd2 Bh6 21. Bxf6 exf6 22. Rfb1 f5 23. Nc4 Bg7 24. Ra2 Re8 25. exf5 Qxd5 26. fxg6 hxg6 27. Rd1 Qe6 28. h3 d5 29. Ne3 d4 30. Nc4 Rb8 31. Qd3 Qc6 32. Re2 Qb7 33. Nd2 Bh6 34. Ne4 Rc6 35. Rc2 Qxb3 36. Qxb3 Rxb3 37. Rxc5 Rxc5 38. Nxc5 Rc3 39. Ne4 Rc4 40. a5 Bg7 41. Nd6 Ra4 42. Nb7 Be5 43. Kf1 Bb8 44. Ke2 Ba7 45. Rc1 Ra3 46. Rd1 Kf8 47. Rd3 Ra4 48. g4 Ke7 49. Rb3 Ra2+ 50. Kf3 Kd7 51. Ke4 Rxf2 52. Kd5 Rc2 53. Rf3 Ke7 54. g5 Rc3 55. Rf1 d3 56. Re1+ Kd7 57. Rf1 Ke7 58. Re1+ Kf8 59. Rd1 Be3 60. Ke4 d2 61. a6 Bxg5 62. Nd6 Ra3 63. Nc4 Rxa6 64. Kd3 Kg7 65. Ke2 Re6+ 66. Kf1 Kh6 67. Nxd2 Rd6 68. Ke2 Rxd2+ 69. Rxd2 Bxd2 70. Kxd2 Kh5 0-1

[Event "Braila Albulet Memorial (Women) 12th"]
[Site "Braila"]
[Date "2019.10.02"]
[Round "1"]
[White "Didiliuc, Dariana Gabriela"]
[Black "Navrotescu, Andreea Cristiana"]
[Result "0-1"]
[WhiteElo "1798"]
[BlackElo "2241"]
[PlyCount "108"]
[EventDate "2019.10.02"]
[EventType "swiss"]
[EventRounds "9"]
[EventCountry "ROU"]
[SourceTitle "EXT 2020"]
[Source "ChessBase"]
[SourceDate "2019.10.17"]
[SourceVersion "1"]
[SourceVersionDate "2019.10.17"]
[SourceQuality "1"]

1. d4 Nf6 2. c4 e6 3. Nc3 Bb4 4. Qc2 0-0 5. Nf3 c5 6. dxc5 Na6 7. g3 Nxc5 8. Bg2 Nce4 9. 0-0 Nxc3 10. bxc3 Be7 11. Bf4 d6 12. Rfd1 Qc7 13. Qb3 Rb8 14. Be3 b6 15. Nd4 Bd7 16. Nb5 Bxb5 17. cxb5 Ng4 18. Rd3 Nxe3 19. Rxe3 d5 20. Rd3 Rfd8 21. Rad1 h5 22. e4 dxe4 23. Bxe4 h4 24. Bc6 Qe5 25. Rxd8+ Rxd8 26. Rxd8+ Bxd8 27. Kf1 Be7 28. Bf3 Qf5 29. c4 Bc5 30. g4 Qf4 31. h3 Qd4 32. Qc2 g6 33. Be4 f5 34. Bf3 Kg7 35. Qe2 Kf6 36. gxf5 gxf5 37. Kg2 e5 38. Bd5 Qf4 39. Qc2 Kg6 40. Qe2 e4 41. Bc6 Kh7 42. Qh5+ Kg7 43. Qe2 Bd4 44. Bd5 Kf6 45. Bc6 Qg5+ 46. Kf1 Qf4 47. Kg2 Ke5 48. Bd5 Kd6 49. Bc6 Kc5 50. Bd5 e3 51. Bf3 Qg5+ 52. Kh1 exf2 53. Bg2 f4 54. Qf1 f3 0-1

[Event "ROM-chT (Women)"]
[Site "Mamaia"]
[Date "2019.09.25"]
[Round "3.9"]
[White "Cosma, Elena Luminita"]
[Black "Didiliuc, Dariana Gabriela"]
[Result "1-0"]
[WhiteElo "2315"]
[BlackElo "1798"]
[PlyCount "91"]
[EventDate "2019.09.21"]
[EventType "team-tourn"]
[EventRounds "7"]
[EventCountry "ROU"]
[SourceTitle "EXT 2020"]
[Source "ChessBase"]
[SourceDate "2019.10.17"]
[SourceVersion "1"]
[SourceVersionDate "2019.10.17"]
[SourceQuality "1"]

1. d4 Nf6 2. Nf3 c5 3. d5 b5 4. Bg5 Qb6 5. Bxf6 Qxf6 6. c3 g6 7. Nbd2 Bg7 8. e4 Qb6 9. a4 b4 10. Nc4 Qd8 11. cxb4 cxb4 12. Be2 a5 13. 0-0 d6 14. Nd4 0-0 15. Rc1 Bd7 16. Ra1 Na6 17. Nb3 Nc5 18. Nxc5 dxc5 19. e5 Bc8 20. f4 Bb7 21. Bf3 Ba6 22. Qb3 Ra7 23. Rad1 Qd7 24. d6 exd6 25. Rxd6 Qf5 26. Bd5 Re8 27. Ne3 Qc8 28. Bc4 Bf8 29. Rxa6 Rxa6 30. Bxf7+ Kg7 31. Bxe8 Qxe8 32. Rd1 g5 33. Qd3 Ra7 34. Nf5+ Kg8 35. Qd5+ Kh8 36. Qd8 Qf7 37. Qxg5 Ra8 38. h3 c4 39. Nd6 Qc7 40. Qf6+ Bg7 41. Qe6 Rf8 42. Qxc4 Qxc4 43. Nxc4 Rxf4 44. b3 Kg8 45. Rd5 Kf7 46. Rxa5 1-0

[Event "ROM-chT (Women)"]
[Site "Mamaia"]
[Date "2019.09.24"]
[Round "2.1"]
[White "Didiliuc, Dariana Gabriela"]
[Black "Bulmaga, Irina"]
[Result "0-1"]
[WhiteElo "1798"]
[BlackElo "2440"]
[PlyCount "64"]
[EventDate "2019.09.21"]
[EventType "team-tourn"]
[EventRounds "7"]
[EventCountry "ROU"]
[SourceTitle "EXT 2020"]
[Source "ChessBase"]
[SourceDate "2019.10.17"]
[SourceVersion "1"]
[SourceVersionDate "2019.10.17"]
[SourceQuality "1"]

1. d4 Nf6 2. c4 e6 3. Nc3 Bb4 4. Qc2 0-0 5. Nf3 d6 6. e3 b6 7. Bd3 Bb7 8. e4 h6 9. 0-0 Bxc3 10. bxc3 Nfd7 11. Qe2 e5 12. Nd2 Nc6 13. Nb3 a5 14. a4 Re8 15. Qg4 Nf6 16. Qg3 Kh8 17. Re1 Ne7 18. c5 Ng6 19. cxb6 cxb6 20. f3 Nh5 21. Qf2 Qc7 22. Bd2 Nhf4 23. Bb5 Bc6 24. Qf1 Rac8 25. Bxc6 Qxc6 26. g3 Nh5 27. Reb1 Nf6 28. Nc1 d5 29. exd5 Nxd5 30. Ne2 Qc4 31. Ra3 Qd3 32. Be1 Qxb1 0-1

[Event "Braila Albulet Memorial (Women) 11th"]
[Site "Braila"]
[Date "2018.11.04"]
[Round "3"]
[White "Babiy, Olga"]
[Black "Didiliuc, Dariana Gabriela"]
[Result "1-0"]
[WhiteElo "2314"]
[BlackElo "1784"]
[PlyCount "131"]
[EventDate "2018.11.03"]
[EventType "swiss"]
[EventRounds "9"]
[EventCountry "ROU"]
[SourceTitle "CBM 187 Extra"]
[Source "ChessBase"]
[SourceDate "2018.11.04"]
[SourceVersion "1"]
[SourceVersionDate "2018.11.04"]
[SourceQuality "1"]

1. e4 c5 2. Nf3 Nc6 3. d4 cxd4 4. Nxd4 Nf6 5. Nc3 e5 6. Ndb5 d6 7. Bg5 a6 8. Na3 b5 9. Nd5 Be7 10. Bxf6 Bxf6 11. c3 Ne7 12. Nxf6+ gxf6 13. Bd3 d5 14. Qe2 Bb7 15. 0-0-0 Qb6 16. exd5 Bxd5 17. f4 Qe6 18. Rhe1 0-0 19. fxe5 f5 20. b3 Rac8 21. Kb2 Qc6 22. Nb1 Kh8 23. Rd2 Be6 24. g3 Nd5 25. Rc2 Qb6 26. Qf2 Qxf2 27. Rxf2 b4 28. Rc1 bxc3+ 29. Nxc3 Nb4 30. Bb1 Rc5 31. a3 Nc6 32. Ne2 Rxc1 33. Nxc1 Ne7 34. Bd3 a5 35. Rc2 Ra8 36. Rc5 Kg7 37. Ne2 Nd5 38. Nd4 Ne3 39. Rc7 Kg6 40. Rc6 Rd8 41. Nxe6 fxe6 42. Rxe6+ Kg5 43. Rd6 Re8 44. e6 Kf6 45. Rd7 h6 46. Rh7 Kxe6 47. Rxh6+ Ke5 48. Kc3 Rd8 49. Ra6 Rd5 50. Be2 Rc5+ 51. Kd2 Nc2 52. a4 Nb4 53. Rb6 Rc2+ 54. Ke1 Rb2 55. Bc4 Nc2+ 56. Kd2 Nb4+ 57. Ke3 Nc2+ 58. Ke2 Nd4+ 59. Kd3 Rb1 60. Ra6 Rd1+ 61. Kc3 Rc1+ 62. Kd2 Rg1 63. Rxa5+ Ke4 64. Bd5+ Ke5 65. b4 Rb1 66. Ba2+ 1-0

[Event "Braila Albulet Memorial (Women) 11th"]
[Site "Braila"]
[Date "2018.11.04"]
[Round "2"]
[White "Didiliuc, Dariana Gabriela"]
[Black "Uzuneanu, Gabriela"]
[Result "1-0"]
[WhiteElo "1784"]
[BlackElo "1571"]
[PlyCount "73"]
[EventDate "2018.11.03"]
[EventType "swiss"]
[EventRounds "9"]
[EventCountry "ROU"]
[SourceTitle "CBM 187 Extra"]
[Source "ChessBase"]
[SourceDate "2018.11.04"]
[SourceVersion "1"]
[SourceVersionDate "2018.11.04"]
[SourceQuality "1"]

1. d4 c5 2. d5 b5 3. e4 a6 4. a4 b4 5. Bc4 d6 6. f4 Nd7 7. Nf3 g6 8. 0-0 Bg7 9. a5 Nh6 10. Qe2 0-0 11. Nbd2 f6 12. b3 Nf7 13. Bb2 Qc7 14. Bd3 Bb7 15. Nc4 Rfe8 16. Nh4 Rf8 17. Qg4 Nh6 18. Qg3 Rf7 19. f5 g5 20. Nf3 Rff8 21. Nxg5 Qc8 22. Ne6 Rf7 23. Be2 Kh8 24. Bh5 Qg8 25. Bxf7 Qxf7 26. Rf4 Rg8 27. Qh3 Nf8 28. Nd8 Qe8 29. Nxb7 Qb8 30. Nbxd6 exd6 31. Rh4 Nf7 32. Rg4 Nd7 33. Qh5 Qf8 34. Rd1 h6 35. Rd3 Ng5 36. Rxg5 fxg5 37. Qxh6# 1-0

[Event "Braila Albulet Memorial (Women) 10th"]
[Site "Braila"]
[Date "2017.10.10"]
[Round "5"]
[White "Didiliuc, Dariana Gabriela"]
[Black "Aciu, Malina Andreea"]
[Result "0-1"]
[WhiteElo "1779"]
[BlackElo "2006"]
[PlyCount "86"]
[EventDate "2017.10.07"]
[EventType "swiss"]
[EventRounds "9"]
[EventCountry "ROU"]
[SourceTitle "CBM 181 Extra"]
[Source "ChessBase"]
[SourceDate "2017.12.12"]
[SourceVersion "1"]
[SourceVersionDate "2017.12.12"]
[SourceQuality "1"]

1. d4 d5 2. c4 dxc4 3. Nf3 Nf6 4. e3 e6 5. Bxc4 a6 6. a4 b6 7. 0-0 Bb7 8. Bd2 Nbd7 9. Bc3 c5 10. Nbd2 Be7 11. Qe2 0-0 12. e4 cxd4 13. Bxd4 Nc5 14. e5 Nd5 15. Bxc5 Bxc5 16. Ne4 Nf4 17. Qc2 h6 18. Rfd1 Qc7 19. Bf1 Bxf2+ 20. Qxf2 Bxe4 21. Rd4 Bxf3 22. Qxf3 Ng6 23. Re1 Nxe5 24. Qg3 f6 25. Kh1 Rad8 26. Rh4 Kh7 27. Bxa6 Qc2 28. Rb4 Rd1 29. Bf1 Rfd8 30. Rf4 R8d3 31. Bxd3+ Nxd3 32. Ref1 Nxf4 33. Qxf4 Rxf1+ 34. Qxf1 Qxb2 35. Qd3+ f5 36. Qd1 e5 37. h3 e4 38. Qd5 Qc1+ 39. Kh2 Qf4+ 40. Kg1 e3 41. Qa2 Qd4 42. Kh2 Qe5+ 43. Kg1 e2 0-1

[Event "ROM-ch (Women)"]
[Site "Calimanesti Caciulata"]
[Date "2017.03.25"]
[Round "1"]
[White "Sandu, Mihaela"]
[Black "Didiliuc, Dariana Gabriela"]
[Result "1-0"]
[WhiteElo "2261"]
[BlackElo "1876"]
[PlyCount "99"]
[EventDate "2017.03.25"]
[EventType "swiss"]
[EventRounds "9"]
[EventCountry "ROU"]
[SourceTitle "CBM 177 Extra"]
[Source "ChessBase"]
[SourceDate "2017.04.27"]
[SourceVersion "1"]
[SourceVersionDate "2017.04.27"]
[SourceQuality "1"]

1. e4 c5 2. Nf3 Nc6 3. d4 cxd4 4. Nxd4 Nf6 5. Nc3 e5 6. Ndb5 d6 7. Bg5 a6 8. Na3 b5 9. Nd5 Be7 10. Bxf6 Bxf6 11. c3 Ne7 12. Nxf6+ gxf6 13. g3 Bb7 14. Bg2 d5 15. 0-0 dxe4 16. Qe2 f5 17. Rad1 Qb6 18. Nc2 Qe6 19. Rd2 Rd8 20. Rfd1 Rxd2 21. Qxd2 0-0 22. Bh3 Kh8 23. Ne3 Qf6 24. c4 f4 25. Nd5 Bxd5 26. cxd5 Qd6 27. gxf4 Rg8+ 28. Kh1 Qh6 29. Qc3 Qxf4 30. d6 Nf5 31. d7 Nd4 32. Qe3 Qf6 33. Bg2 Nf3 34. Qxe4 Nh4 35. Bh3 Rd8 36. Rc1 Kg7 37. Rg1+ Kh8 38. Qg4 Ng6 39. Qf5 Qc6+ 40. f3 f6 41. Qe4 Qd6 42. Qg4 a5 43. Qe4 Ne7 44. Qc2 f5 45. Rd1 Qe6 46. Qc7 Nc6 47. Rd6 Qe7 48. Qxc6 Qg5 49. Rd1 Qh5 50. Qf6+ 1-0

[Event "ROM-chT (Women)"]
[Site "Calimanesti Caciulata"]
[Date "2016.11.26"]
[Round "6.2"]
[White "Didiliuc, Dariana Gabriela"]
[Black "Cosman, Andreea Marioara"]
[Result "0-1"]
[WhiteElo "1846"]
[BlackElo "2115"]
[PlyCount "134"]
[EventDate "2016.11.21"]
[EventType "team-tourn"]
[EventRounds "7"]
[EventCountry "ROU"]
[SourceTitle "EXT 2018"]
[Source "ChessBase"]
[SourceDate "2017.10.13"]
[SourceVersion "1"]
[SourceVersionDate "2017.10.13"]
[SourceQuality "1"]
[WhiteTeam "Ploiesti Universitar (W)"]
[BlackTeam "Timisoara CSS (W)"]
[WhiteTeamCountry "ROU"]
[BlackTeamCountry "ROU"]

1. d4 Nf6 2. c4 c5 3. d5 e6 4. Nc3 exd5 5. cxd5 d6 6. e4 g6 7. Bb5+ Nfd7 8. f4 Bg7 9. Nf3 a6 10. Be2 b5 11. 0-0 0-0 12. a4 b4 13. Nb1 Re8 14. Nbd2 Nf6 15. Qc2 Nxd5 16. Nc4 Nb6 17. e5 Nxc4 18. Bxc4 Ra7 19. Be3 Rd7 20. Qb3 d5 21. Be2 Qe7 22. Rac1 c4 23. Qc2 Nc6 24. Rfd1 Kh8 25. Bf2 Bb7 26. Qd2 Bc8 27. Qe3 f6 28. Qb6 Qe6 29. exf6 Bxf6 30. Ne5 Nxe5 31. Qxe6 Rxe6 32. fxe5 Rxe5 33. Bg4 Rd8 34. Bxc8 Rxc8 35. Bd4 Re6 36. Bxf6+ Rxf6 37. Rxd5 c3 38. bxc3 Rfc6 39. c4 Rxc4 40. Rxc4 Rxc4 41. Rd7 a5 42. Rb7 Rc1+ 43. Kf2 Ra1 44. Rb5 Rxa4 45. h4 Kg7 46. g4 b3 47. Rxb3 Rxg4 48. h5 g5 49. Kf3 Rb4 50. Rc3 a4 51. Rc6 Rf4+ 52. Kg3 Rf6 53. Rc5 Ra6 54. Rxg5+ Kh6 55. Kh4 a3 56. Rg1 a2 57. Ra1 Ra4+ 58. Kg3 Kxh5 59. Rh1+ Kg5 60. Ra1 Ra3+ 61. Kg2 Kf4 62. Rf1+ Ke4 63. Ra1 Kd3 64. Rd1+ Kc2 65. Rf1 a1Q 66. Kh2 Qe5+ 67. Kg1 Rg3+ 0-1

[Event "ROM-ch U20 Girls"]
[Site "Calimanesti Caciulata"]
[Date "2016.04.20"]
[Round "3"]
[White "Didiliuc, Dariana Gabriela"]
[Black "Visanescu, Daria Ioana"]
[Result "0-1"]
[WhiteElo "1797"]
[BlackElo "2040"]
[PlyCount "96"]
[EventDate "2016.04.18"]
[EventType "tourn"]
[EventRounds "6"]
[EventCountry "ROU"]
[SourceTitle "CBM 172 Extra"]
[Source "ChessBase"]
[SourceDate "2016.06.21"]
[SourceVersion "1"]
[SourceVersionDate "2016.06.21"]
[SourceQuality "1"]

1. d4 g6 2. c4 Bg7 3. Nc3 d6 4. e4 e5 5. Nf3 Nd7 6. Be2 Nh6 7. Be3 f6 8. Qd2 Ng4 9. 0-0-0 Nxe3 10. Qxe3 c6 11. Kb1 Qe7 12. Na4 b6 13. c5 dxc5 14. dxc5 b5 15. Nc3 Nxc5 16. Rc1 Ne6 17. Rhd1 0-0 18. g3 a5 19. h4 a4 20. Nd5 cxd5 21. exd5 Nd8 22. Nd4 Qa7 23. Nxb5 Qxe3 24. fxe3 Rb8 25. Na7 a3 26. b3 Bf5+ 27. Ka1 Bd7 28. Bc4 Kh8 29. e4 f5 30. Bd3 fxe4 31. Bxe4 Bf5 32. Re1 Rb4 33. Bxf5 gxf5 34. Kb1 e4 35. Nc8 Nb7 36. Ne7 Nd6 37. Nc6 Rb6 38. Rc2 Nb5 39. Kc1 Nd4 40. Nxd4 Bxd4 41. Rd1 Be5 42. Rg2 Rd6 43. g4 f4 44. Re2 e3 45. Rf1 Rxd5 46. Kb1 Rd3 47. Rf3 Rc8 48. Re1 Rd2 0-1

[Event "ROM-ch U20 Girls"]
[Site "Calimanesti Caciulata"]
[Date "2016.04.19"]
[Round "2"]
[White "Cirlig, Ioana Andreea"]
[Black "Didiliuc, Dariana Gabriela"]
[Result "0-1"]
[WhiteElo "1833"]
[BlackElo "1797"]
[PlyCount "210"]
[EventDate "2016.04.18"]
[EventType "tourn"]
[EventRounds "6"]
[EventCountry "ROU"]
[SourceTitle "CBM 172 Extra"]
[Source "ChessBase"]
[SourceDate "2016.06.21"]
[SourceVersion "1"]
[SourceVersionDate "2016.06.21"]
[SourceQuality "1"]

1. e4 e6 2. d3 d5 3. Qe2 Nf6 4. Nf3 c5 5. g3 Be7 6. Bg2 0-0 7. 0-0 Nc6 8. e5 Ne8 9. Re1 b5 10. c4 Nc7 11. h4 a5 12. Nbd2 a4 13. Nf1 Bb7 14. N1h2 Ra7 15. h5 Ba6 16. cxd5 Nxd5 17. a3 Na5 18. Qe4 Nb3 19. Qg4 Kh8 20. Rb1 b4 21. Bf1 Bb5 22. Bg5 bxa3 23. bxa3 Nc3 24. Bxe7 Rxe7 25. Rb2 Bxd3 26. Bxd3 Qxd3 27. Re3 Qd1+ 28. Re1 Qd3 29. Re3 Qd1+ 30. Re1 Qd7 31. h6 f5 32. exf6 gxf6 33. Qc4 Nd5 34. Rbb1 Nb6 35. Qc3 e5 36. Red1 Qe6 37. Kg2 Nd5 38. Qc2 e4 39. Nh4 e3 40. Kg1 exf2+ 41. Qxf2 Nd4 42. Re1 Ne2+ 43. Kg2 Ne3+ 44. Kh1 Ng4 45. Qxe2 Qxe2 46. Rxe2 Rxe2 47. Nxg4 Kg8 48. Rb7 f5 49. Rg7+ Kh8 50. Nh2 Rf6 51. Rc7 Kg8 52. Rc8+ Kf7 53. Rc7+ Re7 54. Rxc5 Rxh6 55. Rxf5+ Ke8 56. Ng4 Ra6 57. Kg2 Re2+ 58. Kh3 Ra2 59. Rf3 Ke7 60. Nf5+ Kd7 61. Rd3+ Kc7 62. Nge3 Rb2 63. Nd4 Rd6 64. Nef5 Rdb6 65. Rc3+ Kb7 66. Kg4 Ka6 67. Rc4 Ka5 68. Ne7 Ra6 69. Nec6+ Kb6 70. Nb4 Ra5 71. Rc6+ Kb7 72. Rh6 Rc5 73. Rxh7+ Kb6 74. Rh6+ Kb7 75. Ndc6 Rb3 76. Nd8+ Kc8 77. Ne6 Rc4+ 78. Kh3 Rxa3 79. Nd5 Rc1 80. Kg4 Rb3 81. Rh8+ Kd7 82. Nef4 a3 83. Rh7+ Kd6 84. Rh6+ Ke5 85. Rh8 Rd1 86. Rc8 Kd6 87. Rd8+ Kc5 88. Rc8+ Kd4 89. Nc3 Re1 90. Nfe2+ Ke3 91. Re8+ Kf2 92. Rf8+ Ke3 93. Re8+ Kd3 94. Rd8+ Kc2 95. Rc8 Rb4+ 96. Kf3 Kb2 97. Nd5 Rb3+ 98. Kf2 Rd1 99. Ndc3 Rd2 100. Na4+ Kb1 101. Rc1+ Ka2 102. Ke1 Rxe2+ 103. Kxe2 Rxg3 104. Kf2 Rh3 105. Kg2 Rh4 0-1

[Event "ROM-ch U20 Girls"]
[Site "Calimanesti"]
[Date "2015.04.06"]
[Round "10"]
[White "Didiliuc, Dariana Gabriela"]
[Black "Serbanescu, Diana Maria"]
[Result "0-1"]
[WhiteElo "1729"]
[BlackElo "2013"]
[PlyCount "109"]
[EventDate "2015.03.30"]
[EventType "tourn"]
[EventRounds "10"]
[EventCountry "ROU"]
[SourceTitle "CBM 165 Extra"]
[Source "ChessBase"]
[SourceDate "2015.04.21"]
[SourceVersion "1"]
[SourceVersionDate "2015.04.21"]
[SourceQuality "1"]

1. d4 Nf6 2. c4 g6 3. Nc3 Bg7 4. e4 d6 5. f3 0-0 6. Be3 Nc6 7. Bd3 e5 8. d5 Ne7 9. Nge2 Nd7 10. Qd2 Nc5 11. Bc2 a5 12. 0-0-0 a4 13. Kb1 b6 14. g4 Ba6 15. Nb5 Bxb5 16. cxb5 Qd7 17. Nc3 Nc8 18. h4 f6 19. Rdg1 Ra5 20. g5 fxg5 21. Bxg5 Rxf3 22. h5 Rh3 23. hxg6 h6 24. Rxh3 Qxh3 25. Qf2 Qd7 26. Qh4 Ra8 27. Bxh6 Bxh6 28. Qxh6 Qg7 29. Qh5 Ne7 30. Rh1 Rf8 31. b4 axb3 32. axb3 Rf6 33. Qh7+ Qxh7 34. Rxh7 Kf8 35. Rh8+ Ng8 36. b4 Nd7 37. Bd1 Rxg6 38. Rh2 Ndf6 39. Ra2 Rg1 40. Ra8+ Ke7 41. Kc2 Nh6 42. Rc8 Kd7 43. Rf8 Rg2+ 44. Kd3 Nfg4 45. Be2 Rg3+ 46. Kd2 Rg2 47. Nd1 Rg3 48. Nf2 Nxf2 49. Rxf2 Rg7 50. Rh2 Ng8 51. Ke3 Nf6 52. Kf3 Rg4 53. Rh7+ Kc8 54. Bd3 Rf4+ 55. Ke3 0-1

[Event "ROM-ch U20 Girls"]
[Site "Calimanesti"]
[Date "2015.04.04"]
[Round "8"]
[White "Gelip, Ioana"]
[Black "Didiliuc, Dariana Gabriela"]
[Result "1-0"]
[WhiteElo "2094"]
[BlackElo "1729"]
[PlyCount "119"]
[EventDate "2015.03.30"]
[EventType "tourn"]
[EventRounds "10"]
[EventCountry "ROU"]
[SourceTitle "CBM 165 Extra"]
[Source "ChessBase"]
[SourceDate "2015.04.21"]
[SourceVersion "1"]
[SourceVersionDate "2015.04.21"]
[SourceQuality "1"]

1. e4 e6 2. d4 d5 3. Nc3 Bb4 4. e5 c5 5. a3 Bxc3+ 6. bxc3 Qc7 7. Qg4 f5 8. Qg3 Ne7 9. Bd2 cxd4 10. cxd4 0-0 11. Bd3 Nbc6 12. Ne2 Na5 13. 0-0 Nc4 14. Bb4 Rf7 15. Bd6 Qc6 16. Bxc4 Qxc4 17. Qd3 Qxd3 18. cxd3 b6 19. Rfc1 Ba6 20. Rc3 Rc8 21. Rac1 g5 22. f4 g4 23. Ng3 Rxc3 24. Rxc3 Nc8 25. Bb4 Bb7 26. Rc2 a5 27. Bd2 Kf8 28. Kf2 Ke8 29. Ne2 Ba6 30. Ke3 h5 31. Be1 Rh7 32. Nc3 Kd7 33. Rb2 Kc6 34. Na4 Bb5 35. Nc3 Ba6 36. Bh4 b5 37. Bd8 Nb6 38. Bxb6 Kxb6 39. Nxb5 Bxb5 40. a4 Ra7 41. Rxb5+ Kc7 42. h3 Ra8 43. hxg4 hxg4 44. Kf2 Kc6 45. Kg3 Kc7 46. Kh4 Rh8+ 47. Kg5 Rh2 48. Kf6 Rxg2 49. Kxe6 Rf2 50. Kxf5 g3 51. Rb1 g2 52. Rg1 Rd2 53. Ke6 Rxd3 54. Kxd5 Rd2 55. f5 Kd7 56. f6 Ke8 57. e6 Rf2 58. Ke5 Re2+ 59. Kd6 Rb2 60. Rc1 1-0

[Event "ROM-ch U20 Girls"]
[Site "Calimanesti"]
[Date "2015.04.02"]
[Round "5"]
[White "Serbanescu, Diana Maria"]
[Black "Didiliuc, Dariana Gabriela"]
[Result "0-1"]
[WhiteElo "2013"]
[BlackElo "1729"]
[PlyCount "80"]
[EventDate "2015.03.30"]
[EventType "tourn"]
[EventRounds "10"]
[EventCountry "ROU"]
[SourceTitle "CBM 165 Extra"]
[Source "ChessBase"]
[SourceDate "2015.04.21"]
[SourceVersion "1"]
[SourceVersionDate "2015.04.21"]
[SourceQuality "1"]

1. e4 e6 2. d4 d5 3. Nc3 Bb4 4. e5 c5 5. a3 Bxc3+ 6. bxc3 Qc7 7. Qg4 f5 8. Qg3 cxd4 9. cxd4 Ne7 10. Bd2 0-0 11. Bd3 Qb6 12. Ne2 Nbc6 13. c3 Qb2 14. Rb1 Qxa3 15. 0-0 Ng6 16. Bg5 Rf7 17. h4 Qf8 18. h5 f4 19. hxg6 fxg3 20. gxf7+ Qxf7 21. fxg3 Qc7 22. Rf3 b6 23. Rbf1 Bb7 24. Nf4 Qd7 25. Nh5 Nxe5 26. dxe5 d4 27. R3f2 dxc3 28. Bh6 Qxd3 29. Bxg7 Qd8 30. Bh6 Ba6 31. Rf4 Be2 32. Nf6+ Kh8 33. R1f2 c2 34. Rh4 Bd3 35. Rg4 Bg6 36. Kh2 Rc8 37. Rf1 Qd1 38. Kg1 a5 39. Ne4 Qxg4 40. Nd6 Rd8 0-1